000 00915nam a2200217 i 4500
001 40506
003 ES-MaACL
005 20250727024553.0
007 t|
008 030306s1943 sp |||| | spa d
100 1 _aCaro Baroja, Julio,
_d1914-1995
_935403
245 1 4 _aLos pueblos del Norte de la Península Ibérica
_b: (análisis histórico cultural) /
_cJulio Caro Baroja.
260 _aMadrid :
_bC.S.I.C.,
_c1943 (
_eBurgos :
_fImp. Aldecoa)
300 _a241 p., grab., 1 map. pleg. ;
_c25 cm.
500 _aPrecede al tít.: Consejo Superior de Investigaciones Científicas, Patronato Menéndez Pelayo, "Instituto Bernardino de Sahagún"
650 4 _aAntropología cultural y social-
_zEspaña
_99873
710 2 _aPatronato "Marcelino Menéndez Pelayo"
_96189
710 2 _aInstituto Bernardino de Sahagún de Antropología y Etnología.
_94800
852 _aES-MaACL
_jF-16220
999 _c40506
_d40506